000 00940nam a2200289Ia 4500
001 Para_8926
003 CHAP
008 220125s2004 xx 000 0 und d
010 _a207704
040 _cCHAP
090 _aPA TESIS 1870
100 _aHerrera Huerta, Ruperto
_954896
245 _aEfecto de la temperutura y la precipitación en la eclosión de huevos de Aeneolamia spp. /
_c por Ruperto Herrera Huerta
260 _aChapingo, Méx. :
_b el autor
300 _a25 h
502 _aIng. Agr.(Esp. Parasitología Agrícola) UACh. Departamento de Parasitología Agrícola
650 _aCaña de azúcar
_x plagas
_918636
650 _aMosca pinta
_978992
710 _aUACh. Departamento de Parasitología Agrícola
_9115877
901 _aPA TESIS 1870
902 _aA
905 _a0000002004 dni 0000000000 00
910 _a2004
942 _cPARA
942 _cPARA
_d1
999 _c207704
_d207704